000 00731nam a2200241 a 4500
008
020 _a0132973596 (pbk.)
049 _aMAIN
090 _aHD58.8
_bHAR
100 1 _aHarvey, Donald F.
245 1 3 _aAn experiential approach to organization development /
_cDonald F. Harvey, Donald R. Brown.
250 _a4th ed.
260 _aEnglewood Cliffs, NJ. :
_bPrentice-Hall International,
_cc1992.
300 _axvi, 560 p.
500 _aIncludes index.
650 0 _aOrganisational behaviour
_aManagement.
700 1 _aBrown, Donald R.
907 _a.b10052707
_b31-03-15
_c17-04-03
003
005 20230123133227.0
040 _cNUST
942 _cBOOKS
_kHD58.8
_mHAR
999 _c144939
_d144939